| 000 | 00424nam a2200145 i 4500 | ||
|---|---|---|---|
| 001 | bg | ||
| 100 | 1 | _aNOWAKOWSKI, Edmund | |
| 245 | 0 |
_aZakłady pralnicze / _cEdmund Nowakowski. |
|
| 260 |
_aWarszawa : _bArkady, _c1982. |
||
| 040 | _cBPK | ||
| 041 | _apol | ||
| 942 | _cKS | ||
| 008 | s pl f |000 0 pol | ||
| 856 |
_uhttp://koha.tu.koszalin.pl/cgi-bin/koha/opac-detail.pl?biblionumber=5069 _yKatalog online BPK |
||
| 999 |
_c5069 _d5069 |
||